عرض عادي عرض مارك
  • Data transmission systems

مدخل مصطلح موضوعي

عدد التسجيلات المستخدمة في: 1

001 - رقم الضبط

  • حقل الضبط: 40956

003 - معرف رقم الضبط

  • حقل الضبط: OSt

005 - تاريخ ووقت أخر عملية

  • حقل الضبط: 20131212213809.0

008 - عناصر بيانات ثابتة الطول

  • حقل تحكم ثابت الطول: 131212|||a|||||| | ||| d

040 ## - مصدر الفهرسة

  • هيئة الفهرسة الأصلية: OSt
  • وكالة الكتابة: OSt

150 ## - مدخل-- مصطلح تاريخي

  • عنصر مدخل المصطلح الموضوعي او الاسم الجغرافي: Data transmission systems
  • تفريع عام: Law and legislation
  • تفريع جغرافي: Great Britain.

670 ## - بيانات المصدر موجوده

  • الاستشهاد بالمصدر: Work cat.: (OSt)0: Lloyd, Ian J. 40954, Information technology law /, c2011.